Traité de caractérologie

Saved in:
Bibliografiske detaljer
Hovedforfatter: Le Senne, René (Author)
Format: Bog
Sprog:fransk
Udgivet: París Universitaires de France 1957
Udgivelse:5a. ed
Serier:Logos: Introduction aux Etudes Philosophiques
Fag:
Tags: Tilføj Tag
Ingen Tags, Vær først til at tagge denne postø!

MARC

LEADER 00000nam a2200000 a 4500
001 UCZ6776
003 CL-VaPUC
008 951215e19570000FR |||||||||||||||||fre|d
082 0 4 |a 155.2  |b LES  |2 21 
100 |a Le Senne, René  |e author  |9 465993 
245 1 0 |a Traité de caractérologie 
250 |a 5a. ed 
300 |a 658 p 
942 |c BK 
945 |d 19951215 00:00:00  |a cmena 
260 |a París  |b Universitaires de France  |c 1957 
650 7 |a CARACTERIOLOGIA  |2 CL-VaPUC  |9 334613 
650 0 |a Personalidad   |9 307255 
650 0 |a Psicología del desarrollo  |9 307541 
650 0 |a Desarrollo individual   |9 307875 
650 0 |a Desarrollo afectivo  |9 334359 
583 |a last modification  |c 19951215 00:00:00  |k Rodrigo Vera 
490 0 |a Logos: Introduction aux Etudes Philosophiques 
999 |c 242947  |d 242945 
952 |0 0  |1 0  |4 0  |6 155_200000000000000_LES_1957  |7 0  |8 P  |9 256281  |a BIBEDU  |b BIBEDU  |c BIBEDU_PB  |d 2019-11-19  |i 1608215  |o 155.2 LES 1957  |p 1608215  |r 2024-01-25  |w 2019-11-19  |y BK  |k EDU